Những kiến thức cơ bản về công nghệ sinh học

שמור ב:
מידע ביבליוגרפי
מחבר ראשי: Nguyễn, Văn Uyển
פורמט: ספר
שפה:Undetermined
יצא לאור: Hà Nội Giáo Dục 2001
נושאים:
תגים: הוספת תג
אין תגיות, היה/י הראשונ/ה לתייג את הרשומה!
Thư viện lưu trữ: Trung tâm Học liệu Trường Đại học Cần Thơ
LEADER 00600nam a2200205Ia 4500
001 CTU_45587
008 210402s9999 xx 000 0 und d
082 |a 660.6 
082 |b U603 
100 |a Nguyễn, Văn Uyển 
245 0 |a Những kiến thức cơ bản về công nghệ sinh học 
245 0 |c Nguyễn Văn Uyển 
260 |a Hà Nội 
260 |b Giáo Dục 
260 |c 2001 
526 |a Giống vật nuôi 
526 |b NNN603 
650 |a Biotechnology 
904 |i Qhieu sua 
980 |a Trung tâm Học liệu Trường Đại học Cần Thơ